000 00259nam a2200097Ia 4500
001 969378
005 20250826220401.0
008 250824s9999 xx 000 0 und d
245 0 _aABDÜLHAMİDİN KURTLARLA DANSI 3
_cMUSTAFA ARMAĞAN
260 _bKETEBE YAYINLARI
999 _c969378
_d969378